Les chansons évoquant Dieu - Statistiques

Statistiques générales
  • Ce quiz a été pris 16 fois
  • Le résultat moyen est 9 sur 27
Statistiques - réponses
Indice 1 Indice 2 Indice 3 Réponse % Correct
Charles Aznavour Dieu, je ne suis qu'un homme Dieu, aie pitié de moi Si c'est ta volonté Je suis résigné à porter ma croix 1 Dieu
93%
Dany Brillant Dieu, écoute ma prière donne-moi, je t'en prie, donne-moi du soleil pour réchauffer mon cœur pour calmer ma douleur et mes angoisses, j'ai besoin de toi 1 Dieu
93%
Dave Dieu Entre un requiem et un baptême Entre un notre père et un blasphème Que deviens tu 1 Dieu
93%
Didier Barbelivien Pour Sylvie Vartan, Françoise Hardy en mono Dieu a inventé la radio pour Johnny Hallyday, Dick Rivers, Adamo Dieu a inventé la radio 5 Dieu {a inventé la radio}
50%
Ophélie Winter J'étais assise sur une pierre, Des larmes coulaient sur mon visage Je ne savais plus comment faire Pour trouver en moi le courage J'ai levé les yeux au ciel Et là, j'ai vu la lumière J'y ai baigné mon âme ! Dieu {M'a Donné La Foi}
50%
Catherine Deneuve Dieu est un fumeur de havanes 
Je vois ses nuages gris
 Je sais qu'il fume même la nuit Dieu {est un Fumeur De Havanes}
43%
Hugues Aufray Dieu que c'est dur d'être modeste Quand on a toutes les qualités La tête, les jambes et le reste 8 Dieu {Que C'est Dur D'être Modeste}
43%
Garou Dieu que le monde est injuste Lui si beau et moi si laid Je te donnerais la lune Tu ne voudrais pas m'aimer 5 Dieu {Que Le Monde Est Injuste}
43%
Mireille Mathieu Dieu te garde, ô mon amour Dieu te garde, jusqu'à mon retour Dieu te garde, des mauvais jours Moi je dois partir mon amour 3 Dieu {te garde}
43%
Daniel Guichard Je voudrais bien te dire Ce que j'ai dans la tête Mille fois répétés Mais jamais avoué Le manque de courage Souvent m'a empêché de t'en parler 3 Dieu {te garde}
43%
Daniel Balavoine La muraille Tremble et se fend Comme un cœur qui éclate en deux Et la femme Entre dans l'histoire Comme arrive l'œuvre d'un Dieu 4 Dieu {Que C'est Beau}
36%
Dalida Dieu seul Pourrait me dire Quand tout, quand tout semble fini Pourquoi il veut détruire Les cœurs qu'ils a unis 2 Dieu {Seul}
36%
Enrico Macias Dieu de l'espérance Dieu de liberté La tolérance Sur terre est en danger Écoute ma prière rappelle nous tes lois 4 Dieu {de l'espérance}
29%
Léo Ferré Y'avait dans la gorge à Jimmy Tant de soleil à trois cents balles Du blues du rêve et du whisky Tout comm' dans les bars à Pigalle Dieu est nègre 3 Dieu {est nègre}
29%
Jean-Louis Murat Mieux que ta bouche Mieux que tes lèvres Tes omoplates tes yeux Mieux que ton coude à ma fenêtre Non, Dieu n'a pas trouvé mieux Dieu {n'a pas trouvé mieux}
29%
Frédéric François Au nom de la terre et du genre humain j'ai fait cette priere pour que demain tu sois la lumiere de tous les matins cette etoile quand je me perds en chemin dieu que j'aime quand tu m'aime 4 Dieu {Que J'Aime}
29%
Hugues Aufray Mon nom ne veut rien dire Mon âge encore moins Je suis pour tout dire Un bon citoyen J'admets sans réplique Ce qu'on m'a enseigné Je sais qu'en Amérique Dieu est à nos côtés. 5 Dieu {est à nos côtés}
21%
Mc Solaar Lorsque la vie a quitté ton corps Tu quittas la Vallée de l'Ombre de la Mort 4 Dieu {ait son âme}
7%
Eddy Mitchell Ce matin, il fait gris et froid Ma voiture ne démarre pas La radio annonce du verglas Le bureau se passera de moi 4 Dieu {bénisse le Rock'n'Roll}
7%
Isabelle Boulay À toi parti sans dire un mot Je voudrais crier : « Quel salaud ! » Je ne peux pas mon âme soeœur Tout reste intact dans mon coeœur 3 Dieu {des amours}
7%
Gilbert Bécaud Il y a des millions d'années (x2), Quand le diable n'était pas né (x2), Tous les hommes étaient immortels. Mais l'un d'entre eux, qui était plus fort, L'un d'entre eux inventa la mort. 3 Dieu {est mort}
7%
Gilbert Bécaud Y a toujours dans les yeux des filles Autant de défi que de peur Et puis l' printemps et sa famille Monsieur le fruit, Madame la fleur Mais c'est bizarre, ma sœur Anne J'ai l'impression de jour en jour Que la Terre a un peu moins d'âme Et les hommes un peu moins d'amour 2 Dieu {Mécréant}
7%
Serge Reggiani J'adore, j'adore, j'adore, j'adore Et Archimède et Aristote L'allitération, la litote Même Azincourt et Waterloo J'adore, j'adore, j'adore, j'adore Les boulevards, les avenues La porte ouverte à mes abus Les emmerdeurs et les idiots 6 Dieu {me garde de mes amis}
7%
Nicole Croisille Comme ce soir on est entre amis Je vais vous dire le secret de ma vie Ah, si j'ai toujours la joie dans le cœur C'est parce que j'ai trouvé le vrai bonheur 6 Dieu {merci il m'aime aussi}
7%
Parick Fiori Et si l'amour c'était la guerre, vole par-dessus les frontières petit soldat de l'impossible, aux armes rangées dans ta bible 2 Dieu {pourra}
7%
Juliette Greco Nous sommes étonnés de ce qui nous arrive On ne peut croire encore Que nos c?urs vagabonds, errant de rive en rive Se sont choisi un port Et chaque jour, surpris de se trouver unis Ensemble, on se sourit En répétant ensemble 5 Dieu {Que Ca Lui Ressemble}
7%
Daniel Balavoine aisers d'amoureux baisers langoureux que le monde est malheureux J'avais rêvé si fort D'un autre décor pour ma mort 6 Dieu {Que L'amour Est Triste}
7%
Aucun quiz correspondant
Distribution des résultats
% des personnes avec chaque résultat
Percentile par nombre de réponses
Votre historique - résultats
Vous n’avez pas pris ce quiz